000 00591cam a22002411 4500
001 sa 67005825
003 DLC
005 20260227112401.0
008 950117s1965 ii c 000 0 tamo
010 _asa 67005825
025 _aPL480:I-T-1581
035 _a(OCoLC)31829399
040 _aDLC
_cCU
_dCU
_dDLC
042 _apremarc
050 0 0 _aPL4758.8
_b.M88
245 0 0 _aMuttuccaram.
260 _c[1965]
300 _a110 p.
_bports.
_c18 cm.
500 _aIn Tamil.
500 _aCompiled by Cōlai Irucan̲.
650 0 _aShort stories, Tamil.
700 0 _aCōlai Irucan̲.
999 _c75484
_d75484